[Event "36th Zalakaros Festival 2017"]
[Site "Zalakaros"]
[Date "2017.05.18"]
[Round "1"]
[White "Szente Varga, Fruzsina"]
[Black "Saptarshi, Roy"]
[Result "0-1"]
[WhiteElo "2190"]
[BlackElo "2407"]
[Annotator "TA"]
[PlyCount "84"]
[EventDate "2017.??.??"]
[EventType "swiss"]
[EventCountry "HUN"]
[SourceTitle "playchess.com"]
[Source "ChessBase"]
[SourceQuality "1"]

{[%evp 19,84,39,47,35,35,35,39,35,36,34,48,29,44,0,0,-2,0,0,0,0,0,-22,11,9,9,6,12,8,49,58,55,54,53,50,64,56,68,77,54,20,25,0,0,0,459,455,453,402,590,541,587,579,660,567,494,469,438,106,143,-56,-76,-29980,-29981,-29986,-29983,-29981,-29982]} 1. e4 d5 2. exd5 Qxd5 3. Nc3 Qa5 4. d4 Nf6 5. Bc4 c6 6. Nf3 Bf5 7. Qe2 e6 8. Bd2 Qc7 9. O-O-O Nbd7 10. Nh4 Bg6 $1 {LiveBook: 15 Games} 11. Nxg6 {B01: Scandinavian Defence} hxg6 12. d5 (12. h4 Nb6 13. Bb3 Bb4 14. Ne4 Bxd2+ 15. Nxd2 O-O-O 16. Nf3 Kb8 17. g3 Rhf8 18. Rhe1 Nc8 19. Ng5 Nd6 20. Qe5 {0-1 (67) Darini,P (2509)-Tahbaz,A (2427) Teheran 2016}) 12... cxd5 13. Nxd5 {White is slightly better.} Nxd5 14. Bxd5 O-O-O 15. Bf3 Be7 16. Bc3 $146 ({Predecessor:} 16. h3 Bf6 17. Be3 Nb6 18. Qb5 Qc4 {1-0 (37) Hoffmann,P (2154)-Schatz,W Postbauer 2000}) 16... Bf6 17. Rd3 Nc5 ({Much weaker is} 17... Rxh2 $6 18. Rhd1 $16) 18. Rxd8+ Rxd8 ({Don't play} 18... Bxd8 $6 19. Bxg7 Rxh2 20. Rd1 $16) 19. Bxf6 gxf6 20. g3 e5 (20... Nd3+ {is interesting.} 21. Kb1 Ne5 22. Bg2 Qd6 23. c3 f5) 21. Rd1 Rxd1+ 22. Kxd1 Qd7+ 23. Ke1 Kb8 24. Qc4 Ne6 25. c3 f5 26. Bd5 e4 {[%cal Be5e4,Be4e3][%mdl 32]} 27. h4 a6 28. a4 Qd6 29. b4 e3 {Threatens to win with ...Nc7.} 30. Kf1 f4 (30... Nc7 $5 31. Bf3 $8 Qd2 32. fxe3 Qxe3 $11) 31. Bxe6 fxg3 $2 {[%mdl 8192]} (31... Qd1+ $11 {and Black is okay.} 32. Kg2 e2 33. Qc8+ Ka7 34. Qc5+ Kb8 35. Qf8+ Ka7 36. Qc5+ Kb8 37. Qc8+ Ka7 38. Qc5+) 32. Bg4 $18 f5 33. Bf3 gxf2 (33... exf2 {was worth a try.} 34. Qg8+ Ka7) 34. Qd5 {[%csl Gf3][%cal Rd5b7]} Qc7 35. Ke2 f4 36. Qe4 Qf7 37. c4 Ka8 38. b5 $2 (38. Kf1 $18 {is the precise move to win.}) 38... Qg7 $16 {[#] ( -> ...Qb2+)} 39. Qb1 $2 (39. Qd3 $1 $16 {[%cal Rd3d8] Threatening mate with Qd8+.} Qb2+ 40. Kf1) 39... Qc3 $15 40. Bxb7+ $2 {[%mdl 8192]} (40. Kf1 $17 e2+ 41. Kxe2 Qe3+ 42. Kf1 Qxf3 43. Qb4) 40... Ka7 {Black mates.} ({Worse is} 40... Kxb7 41. bxa6+ Kxa6 42. Qb5+ Ka7 43. Qd7+ Kb8 44. Qd8+ Kb7 45. Qd7+ Kb6 {[#]} 46. a5+ $1 {[%mdl 512]} Kc5 47. Qb5+ Kd6 48. Qb6+ Kd7 49. Qb7+ Ke6 50. Qc8+ Kf7 51. Qc7+ Kg8 52. Qb8+ Kh7 53. Qc7+ Kh8 54. Qb8+ Kh7 55. Qc7+ Kh8 56. Qb8+ Kh7 $11) 41. Bg2 Qxc4+ 42. Kf3 Qd5+ {Precision: White = 43%, Black = 56%.} 0-1

[Event "36th Zalakaros Festival 2017"]
[Site "Zalakaros"]
[Date "2017.05.18"]
[Round "1"]
[White "Ugroczky, Peter"]
[Black "Meszaros, Tamas"]
[Result "0-1"]
[WhiteElo "2185"]
[BlackElo "2401"]
[Annotator "TA"]
[PlyCount "78"]
[EventDate "2017.??.??"]
[EventType "swiss"]
[EventCountry "HUN"]
[SourceTitle "playchess.com"]
[Source "ChessBase"]
[SourceQuality "1"]

{[%evp 28,78,-38,-32,-9,4,-7,-16,-20,-108,-84,-105,-105,-151,-151,-151,-143,-143,-150,-162,-150,-211,-179,-230,-219,-217,-216,-425,-430,-427,-395,-397,-395,-405,-402,-439,-431,-425,-418,-419,-437,-401,-376,-796,-797,-29995,-29996,-29996,-29993,-29997,-29998,-29998,-29997]} 1. e4 e5 2. Nf3 Nc6 3. Bb5 a6 4. Ba4 Nf6 5. d4 exd4 6. O-O Be7 7. Re1 b5 8. Bb3 d6 9. Bd5 Nxd5 10. exd5 Ne5 11. Nxd4 O-O 12. a4 Bg4 13. f3 {[%cal Bf2f3,Bf3f4][%mdl 32] C84: Closed Ruy Lopez: Unusual White 6th moves} (13. Qd2 Bd7 14. Nc3 Rb8 15. axb5 axb5 16. b3 Re8 17. Bb2 Bg5 18. f4 Bh6 19. g3 Ra8 20. Nd1 Rxa1 21. Bxa1 {0-1 (32) Radulski,J (2552)-Mastrovasilis,D (2631) Plovdiv 2012}) 13... Bd7 14. Nc3 b4 15. Ne4 {LiveBook: 6 Games. Black is slightly better.} Qb8 16. f4 $1 {[%cal Rf4e5]} Ng4 $146 ({Predecessor:} 16... Ng6 17. f5 Ne5 18. f6 gxf6 19. Ng3 Re8 20. Ngf5 Bf8 21. Re3 Qb6 {½-½ (32) Gyimesi,J (2007)-Mostowik,D (1665) LSS email 2012}) 17. h3 (17. f5 $5 {[%cal Rd1g4]} Qa7 18. Be3 Nxe3 19. Rxe3 $15) 17... Nf6 18. Ng3 (18. c4 $11) 18... Re8 ({But not} 18... Nxd5 $6 19. Ndf5 $11) 19. Qf3 Qb7 20. Ngf5 {[#]} Bf8 $1 21. Ne3 Re4 22. Ne2 Rae8 23. Ng3 {[#]} R4e7 $1 24. Rd1 (24. Bd2 $17) 24... Qb6 25. Ngf1 (25. Rd3 {keeps fighting.}) 25... c6 $19 26. Kh2 cxd5 27. Nxd5 $2 (27. a5 Qc5 28. c3) 27... Nxd5 28. Qxd5 Bc6 29. Qd4 Qxd4 30. Rxd4 Re2 31. Rd2 Rxd2 32. Nxd2 Re2 33. h4 Rxg2+ 34. Kh3 Be7 {White must now prevent ...Rg1.} 35. c3 $2 (35. Nb3) 35... Rg1 {( -> ...Rh1+)} 36. cxb4 Rh1+ {Black mates.} 37. Kg3 Bxh4+ 38. Kg4 {[#]} h5+ $1 {[%mdl 512]} 39. Kxh5 Bd7 {Precision: White = 45%, Black = 98%.} 0-1

[Event "36th Zalakaros Festival 2017"]
[Site "Zalakaros"]
[Date "2017.05.18"]
[Round "1"]
[White "Hradeczky, Tamas"]
[Black "Del Rey, Diego"]
[Result "*"]
[WhiteElo "2146"]
[BlackElo "2352"]
[Annotator "TA"]
[PlyCount "44"]
[EventDate "2017.??.??"]
[EventType "swiss"]
[EventCountry "HUN"]
[SourceTitle "playchess.com"]
[Source "ChessBase"]
[SourceQuality "1"]

{[%evp 25,31,67,60,32,63,66,64,54]} 1. d4 d6 2. Nf3 Nf6 3. c4 g6 4. Nc3 Bg7 5. g3 O-O 6. Bg2 Nbd7 7. O-O c6 8. b3 e5 9. e4 exd4 10. Nxd4 Re8 11. h3 Nc5 12. Re1 Qb6 13. Be3 {E69: King's Indian: Fianchetto: 6...Nbd7 7 0-0 e5 8 e4 c6 9 h3} a5 {LiveBook: 18 Games. White is slightly better.} ({Don't blunder} 13... Nfxe4 $2 14. Nxe4 Nxe4 {[#]} 15. Nf5 $1 $18 {[%mdl 512]}) (13... Bd7 14. Qc2 Rad8 15. Rad1 Bc8 16. a3 Qc7 17. f4 a6 18. Bf2 h5 19. Nf3 Ncd7 20. Rd2 Nf8 {1-0 (39) Bu,X (2677)-Li,S (2520) Xinghua Jiangsu 2011}) 14. Nc2 Qc7 15. Bf4 Bf8 16. Qd2 {Predecessor:} Nfd7 $146 17. Be3 Ne5 18. f4 Ned3 19. Re2 f5 20. Bd4 Be6 21. exf5 gxf5 22. Re3 Nb4 {1-0 (50) Vukic,M (2509)-Dumpor,A (2376) Neum 2002} *

[Event "36th Zalakaros Festival 2017"]
[Site "Zalakaros"]
[Date "2017.05.19"]
[Round "2"]
[White "Nisipeanu, Liviu-Dieter"]
[Black "Livaic, Leon"]
[Result "1/2-1/2"]
[WhiteElo "2686"]
[BlackElo "2464"]
[Annotator "TA"]
[PlyCount "89"]
[EventDate "2017.??.??"]
[EventType "swiss"]
[EventCountry "HUN"]
[SourceTitle "playchess.com"]
[Source "ChessBase"]
[SourceQuality "1"]

{[%evp 14,89,3,0,21,29,21,26,42,39,36,36,53,37,48,48,60,28,18,0,0,-4,-3,-21,-19,-24,-10,-18,6,0,9,0,0,0,0,0,12,6,14,0,0,0,0,0,0,0,0,0,0,0,0,0,0,0,0,0,0,0,0,0,0,0,0,0,0,0,0,0,0,0,0,0,0,0,0,0,0,0]} 1. d4 d5 2. Nf3 Nf6 3. c4 e6 4. g3 Bb4+ 5. Bd2 Be7 6. Bg2 O-O 7. O-O c6 8. Qc2 Ne4 {E11: Bogo-Indian} (8... Nbd7 9. b3 b6 10. Rd1 a5 11. Bc3 Bb7 12. Nbd2 Qc7 13. Rac1 c5 14. Bb2 dxc4 15. Nxc4 b5 16. Nce5 Nxe5 17. Nxe5 Bxg2 18. Kxg2 {0-1 (55) Inarkiev,E (2727)-Jakovenko,D (2718) Poikovsky 2017}) 9. Nc3 Nxd2 10. Nxd2 Bf6 {White has an edge.} 11. e3 Nd7 12. b4 $146 ({Predecessor:} 12. Rfd1 Qe7 13. Rac1 Rb8 14. Ne2 g6 15. e4 dxe4 16. Nxe4 {½-½ (25) Gonda,L (2532)-Bodiroga,P (2325) Nova Gorica 2016}) 12... a6 13. Rfd1 b5 14. cxd5 exd5 15. Nb3 Nb6 $1 16. Na5 Bg4 17. Rdc1 Qd7 18. Nb1 Nc4 19. Nd2 Bf5 20. Qc3 {The position is equal.} Rac8 {With the idea ...Nxa5.} 21. Nab3 Be7 22. a4 h5 23. Nc5 Bxc5 $1 24. dxc5 Nxd2 25. Qxd2 Rfe8 26. Re1 Re7 27. axb5 axb5 28. e4 Bxe4 29. Bxe4 dxe4 30. Qxd7 Rxd7 31. Rxe4 $11 {[%mdl 4096] Endgame KRR-KRR} g6 32. Kg2 Rcc7 33. Ra6 Kg7 34. h3 Rd3 35. g4 hxg4 36. hxg4 Kf6 37. f3 Kg5 38. Kg3 Kf6 39. Ra8 Kg5 40. Re5+ Kf6 $1 {[%cal Rf6e5]} 41. Rae8 Kg7 42. Re4 g5 43. Ra8 Rb3 44. Re5 f6 45. Ree8 {Precision: White = 69%, Black = 74%.} 1/2-1/2

[Event "36th Zalakaros Festival 2017"]
[Site "Zalakaros"]
[Date "2017.05.19"]
[Round "2"]
[White "Kovalenko, Igor"]
[Black "Krzyzanowski, Marcin"]
[Result "1-0"]
[WhiteElo "2657"]
[BlackElo "2457"]
[Annotator "TA"]
[PlyCount "80"]
[EventDate "2017.??.??"]
[EventType "swiss"]
[EventCountry "HUN"]
[SourceTitle "playchess.com"]
[Source "ChessBase"]
[SourceQuality "1"]

{[%evp 18,80,16,7,30,33,33,0,0,0,0,0,0,0,0,0,12,-75,5,0,12,4,0,-21,-30,-24,0,-8,0,-26,-26,-31,-16,-31,-18,-16,0,0,0,-58,0,0,106,106,275,252,376,349,350,350,1272,1270,1270,1252,29983,29984,29984,29985,29985,29986,29986,29987,29987,29988,29988]} 1. c4 c6 2. Nf3 d5 3. e3 Nf6 4. Nc3 e6 5. b3 Bd6 6. d4 Nbd7 7. Bd3 b6 8. O-O Bb7 9. Bb2 O-O 10. Qc2 Qe7 {D45: Semi-Slav: 5 e3} 11. Rfe1 (11. Rad1 Rac8 12. Qb1 c5 13. cxd5 exd5 14. Bf5 Rcd8 15. Rfe1 Rfe8 16. Bh3 Ne4 17. dxc5 Ndxc5 18. Nb5 {1-0 (36) Karjakin,S (2785)-Lu,S (2627) Doha 2016}) 11... e5 {aiming for ...e4.} 12. c5 $146 ({Predecessor:} 12. e4 dxc4 13. Bxc4 Rad8 14. Rad1 b5 15. Bf1 a6 16. dxe5 Nxe5 17. Nd4 g6 18. h3 {1-0 (43) Ghosh,D (2562)-Manush,S (2178) Mumbai 2016}) 12... bxc5 {The position is equal.} 13. dxe5 Nxe5 14. Nxe5 Qxe5 15. f4 Qh5 16. Na4 $1 {[#]} d4 $1 {[%mdl 512]} 17. g3 {[#]} (17. Be2 $11 {remains equal.} Qg6 18. Bd3) (17. exd4 cxd4) 17... c4 $1 {[%mdl 512]} 18. Be2 $1 $11 {[%cal Re2h5]} (18. bxc4 c5) 18... Ng4 19. Bxg4 $1 Qxg4 20. Qd1 Qg6 {Strongly threatening ...c3.} 21. Qxd4 c5 22. Qxc4 h5 {[%cal Bh7h5,Bh5h4][%mdl 32]} 23. Rad1 Rfd8 24. Nc3 (24. Nxc5 $2 Bxc5 25. Qc3 Bf8 $19) 24... h4 (24... Qc2 $6 25. Qe2 $14) 25. f5 $1 {[%cal Rf5g6]} Qxf5 26. Rf1 Qg6 (26... Qh5 $5 {[%cal Rh4g3]} 27. Qxh4 Qxh4 28. gxh4 Be7 $11) 27. Qxh4 Bc7 {...Rxd1 is the strong threat.} 28. e4 (28. Qe7 $11 Rxd1 29. Nxd1) 28... Rxd1 (28... Bb6 $15 29. Nd5 c4+ 30. Bd4 Bxd5 31. exd5 Rxd5 32. Bxb6 (32. bxc4 $2 Rxd4 33. Rxd4 Qd3 $19) 32... Rxd1 33. Rxd1 Qxb6+ 34. Kg2 c3) 29. Rxd1 {And now Rd7 would win.} Be5 (29... Re8 $11 30. Rd7 c4) 30. Nd5 $1 $36 {[%cal Rd5e7][%mdl 2048] Intending Ne7+ and mate. Keeping Black busy.} Bxd5 $2 (30... Bd6 $16) 31. Rxd5 $18 ({Weaker is} 31. Bxe5 Bxe4 32. Rd8+ Rxd8 $11) 31... Bxb2 {[#]} (31... f6 $142) 32. Rh5 $1 {[%csl Gh4][%cal Rh5h8]} Bd4+ 33. Kg2 {[%csl Gh4][%cal Rh5h8] [#]} f5 $2 (33... Qxh5 $1 {[%mdl 512]} 34. Qxh5 Rd8) 34. Rh8+ Kf7 35. Rxa8 {[%mdl 4096] Endgame KQR-KQB} Qa6 36. Qh5+ {White mates.} g6 37. Qh7+ Bg7 38. Qg8+ Kf6 39. Qd8+ Kf7 40. Qe8+ Kf6 {Precision: White = 73%, Black = 39%.} 1-0

[Event "36th Zalakaros Festival 2017"]
[Site "Zalakaros"]
[Date "2017.05.19"]
[Round "2"]
[White "Nabaty, Tamir"]
[Black "Tate, Alan"]
[Result "1-0"]
[WhiteElo "2640"]
[BlackElo "2320"]
[Annotator "TA"]
[PlyCount "83"]
[EventDate "2017.??.??"]
[EventType "swiss"]
[EventCountry "HUN"]
[SourceTitle "playchess.com"]
[Source "ChessBase"]
[SourceQuality "1"]

{[%evp 11,83,24,26,22,29,20,29,18,20,12,14,0,0,1,27,-10,15,3,29,23,39,34,33,22,20,25,27,24,26,31,30,29,18,11,57,65,60,-126,25,15,19,0,0,0,0,-21,47,47,47,45,81,77,161,156,108,0,0,0,0,0,0,0,0,15,516,516,516,498,489,485,809,802,711,718]} 1. d4 d5 2. c4 c6 3. Nf3 Nf6 4. e3 Bg4 5. h3 Bh5 6. g4 {D11: Slav Defence: 3 Nf3 sidelines and 3...Nf6 4 e3 Bg4} Bg6 {LiveBook: 85 Games} 7. Ne5 e6 8. Nd2 {White has an edge.} Nbd7 {next ...Nxe5 is good for Black.} 9. Nxg6 hxg6 10. Bg2 g5 11. O-O Be7 12. Re1 Nf8 13. cxd5 $146 ({Predecessor:} 13. e4 dxe4 14. Nxe4 Nxe4 15. Rxe4 {1-0 (88) Matlakov,M (2694)-Shirov,A (2673) Tallinn 2016}) 13... cxd5 14. Qb3 Qb6 15. Qa4+ Qc6 16. Qxc6+ bxc6 17. Nf3 Ne4 18. Ne5 Rc8 19. Nd3 Nd7 20. b3 c5 21. Bb2 cxd4 22. exd4 Bf6 23. Rac1 O-O 24. f3 $2 {[#]} (24. Ne5 $14 {keeps the upper hand.} Bxe5 25. dxe5) 24... Nd6 $2 (24... Nc3 $1 $17 {[%mdl 512]} 25. Ne5 (25. Bxc3 Rxc3 26. Rxc3 Bxd4+ 27. Kh2 Bxc3 $17) 25... Bxe5 26. dxe5 Nxa2 27. Rxc8 Rxc8) 25. Ne5 Nb8 26. Ba3 Rxc1 27. Rxc1 Rc8 28. Rc5 Rxc5 ({Black should play} 28... Bd8 $11) 29. Bxc5 $14 Nc8 30. Bf1 Bxe5 31. dxe5 {[%mdl 4096] Endgame KBB-KNN} Nc6 {[#]} (31... f6 $16) 32. Bb5 $1 $18 {[%cal Rb5c6]} Nxe5 33. a4 (33. Kf2 $16) 33... Nxf3+ $11 34. Kg2 $1 {[%cal Rg2f3]} Nd2 35. b4 {And now Ba6 would win.} Ne4 36. Bd4 Ned6 37. Bd7 $1 Kf8 $2 {[%mdl 8192]} (37... Nb6 $11 {and Black is okay.} 38. Bc6 Nbc8) 38. Bc5 $18 {White is clearly winning.} Kg8 39. a5 e5 40. b5 d4 (40... Nb7 $142 41. Bb4 Nxa5) 41. b6 axb6 {[#]} 42. Bxd6 $1 {Precision: White = 67%, Black = 49%.} 1-0

[Event "36th Zalakaros Festival 2017"]
[Site "Zalakaros"]
[Date "2017.05.19"]
[Round "2"]
[White "Banusz, Tamas"]
[Black "Nguyen, Piotr"]
[Result "1-0"]
[WhiteElo "2616"]
[BlackElo "2453"]
[Annotator "TA"]
[PlyCount "75"]
[EventDate "2017.??.??"]
[EventType "swiss"]
[EventCountry "HUN"]
[SourceTitle "playchess.com"]
[Source "ChessBase"]
[SourceQuality "1"]

{[%evp 18,75,22,12,1,3,18,18,22,19,22,24,25,23,20,29,29,22,34,21,28,28,48,71,87,28,35,4,17,20,37,43,34,34,37,36,36,30,33,35,37,29,57,59,85,87,125,140,172,167,191,185,178,168,481,478,467,462,426,442]} 1. d4 Nf6 2. c4 g6 3. Nf3 Bg7 4. g3 O-O 5. Bg2 d6 6. O-O Nc6 7. Nc3 a6 8. Qd3 e5 9. dxe5 {E63: King's Indian: Fianchetto: Panno Variation with 7...a6} dxe5 10. Qxd8 {LiveBook: 131 Games} Rxd8 11. Bg5 {The position is equal.} Be6 12. Nd2 h6 13. Bxf6 Bxf6 14. Nde4 Be7 {[#]} 15. Nd5 $1 {[%mdl 512]} Bxd5 16. cxd5 Nb4 {[#]} 17. Nc3 $146 c6 18. dxc6 Nxc6 19. Nd5 Bc5 20. Rac1 Ba7 21. e3 (21. Nf6+ $16 Kg7 22. Bxc6 bxc6 23. Rxc6) 21... Rd6 $11 22. Rc4 Rad8 23. Nc3 Kf8 24. Bxc6 Rxc6 25. Rxc6 bxc6 $14 {[%mdl 4096] Endgame KRB-KRN} 26. Rc1 Ke7 27. Kf1 f5 28. Ke2 Kd6 29. Na4 Rf8 30. b3 g5 31. h3 {[%cal Bh2h3,Bh3g4][%mdl 32]} h5 32. g4 f4 {[#]} 33. Nc3 $1 ({Don't do} 33. gxh5 $6 Rh8 $14) 33... hxg4 34. hxg4 Rh8 35. Ne4+ Kd5 $2 (35... Kc7 36. Nxg5 Rh2) 36. Rd1+ $18 {White is clearly winning.} Ke6 37. Rd6+ Ke7 38. Rxc6 {Precision: White = 79%, Black = 34%.} 1-0

[Event "36th Zalakaros Festival 2017"]
[Site "Zalakaros"]
[Date "2017.05.19"]
[Round "2"]
[White "Zubov, Alexander"]
[Black "Szabo, Marton Mihaly"]
[Result "1-0"]
[WhiteElo "2604"]
[BlackElo "2298"]
[Annotator "TA"]
[PlyCount "83"]
[EventDate "2017.??.??"]
[EventType "swiss"]
[EventCountry "HUN"]
[SourceTitle "playchess.com"]
[Source "ChessBase"]
[SourceQuality "1"]

{[%evp 20,83,49,32,45,29,33,36,47,47,58,40,33,24,33,14,34,32,20,29,90,66,124,120,183,194,166,167,184,195,295,280,289,275,325,307,405,405,408,396,408,354,400,360,443,442,467,414,401,394,377,389,382,368,381,373,802,784,757,748,1066,915,1805,1693,1487,1469]} 1. e4 c5 2. Nf3 e6 3. d4 cxd4 4. Nxd4 a6 5. Nc3 b5 6. Bd3 Qb6 7. Nf3 Qc7 8. O-O Bb7 {B43: Sicilian: Kan Variation: 5 Nc3} 9. Re1 Bc5 10. Qd2 Be7 11. Qe2 {LiveBook: 3 Games} (11. b4 $5) 11... b4 $146 ({Predecessor:} 11... Nc6 12. e5 f5 13. Bf4 Nb4 14. Rac1 Nh6 15. a3 Nxd3 16. cxd3 Qb6 17. d4 {1-0 (46) Kantans,T (2419)-Fedorchuk,S (2641) Jurmala 2014}) 12. Na4 (12. Nd1 {is interesting.} Nc6 13. a3 bxa3 14. b3 Nf6 15. e5) 12... Bc6 13. b3 {[%cal Bb2b3,Bb3a4][%mdl 32]} Bxa4 14. bxa4 Nf6 15. e5 Nd5 16. Qe4 $36 {[%mdl 2048] White is pushing.} Nc6 17. Qg4 g6 18. Bh6 a5 19. Qh3 O-O-O (19... Rg8 $11 {remains equal.}) 20. a3 Kb8 (20... f5 $14) 21. axb4 $16 Bxb4 {[#]} (21... axb4 $16 {was called for.} 22. Be4 Nc3) 22. c4 $1 $18 {[%cal Rc4d5]} Nde7 23. Rab1 Ka8 24. Red1 Nf5 (24... Nxe5 {was worth a try.} 25. Nxe5 Qxe5) 25. Bg5 Rb8 26. Bf6 Rhf8 27. g4 ({Less strong is} 27. Qxh7 Bc5 $18) 27... Nfd4 28. Nxd4 Nxd4 29. Be4+ Nc6 30. Rb3 Rb7 31. Rbd3 Qc8 32. Qxh7 Ka7 33. Qh3 Bc5 34. Qf3 Rc7 35. Bxc6 dxc6 36. h4 Rg8 37. Kg2 Qb7 $2 {[#]} (37... Qa6 38. Bd8 Rb7) 38. Bd8 {White is clearly winning.} Rxd8 39. Rxd8 Re7 40. Qd3 Bd4 41. Rxd4 c5+ 42. Re4 {Precision: White = 86%, Black = 41%.} 1-0

[Event "36th Zalakaros Festival 2017"]
[Site "Zalakaros"]
[Date "2017.05.19"]
[Round "2"]
[White "Prohaszka, Peter"]
[Black "Gazik, Viktor"]
[Result "1/2-1/2"]
[WhiteElo "2596"]
[BlackElo "2449"]
[Annotator "TA"]
[PlyCount "33"]
[EventDate "2017.??.??"]
[EventType "swiss"]
[EventCountry "HUN"]
[SourceTitle "playchess.com"]
[Source "ChessBase"]
[SourceQuality "1"]

{[%evp 17,33,0,18,9,13,9,0,0,0,0,0,-9,0,0,0,0,7,-24]} 1. d4 Nf6 2. Nf3 g6 3. Bf4 Bg7 4. e3 O-O 5. h3 d6 6. c3 c5 7. dxc5 {A48: 1 d4 Nf6 2 Nf3 g6: Torre, London and Colle Systems} dxc5 8. Qxd8 Rxd8 9. Bc7 (9. Nbd2 Nc6 10. Bc7 Rd7 11. Bh2 Rd8 12. a4 Bd7 13. Be2 Rac8 14. a5 h6 {½-½ (36) Kamsky,G (2668)-Almasi,Z (2696) Reykjavik 2017}) 9... Rf8 {LiveBook: 4 Games. The position is equal.} (9... Rd7 {seems wilder.} 10. Bh2 Nc6 11. Nbd2 b6 12. Bb5 Bb7) 10. a4 Nc6 11. Nbd2 $146 ({Predecessor:} 11. Bb5 Be6 12. Bxc6 bxc6 13. Nfd2 Rac8 14. Bh2 Rfd8 {0-1 (27) Sirnik,B (2151)-Saric,A (2437) Zadar 2004}) 11... Bf5 12. Be2 Rac8 13. Bh2 Rfd8 14. a5 Ne4 15. g4 Nxd2 16. Nxd2 Be6 17. Nf3 1/2-1/2

[Event "36th Zalakaros Festival 2017"]
[Site "Zalakaros"]
[Date "2017.05.19"]
[Round "2"]
[White "Svane, Rasmus"]
[Black "Munkhgal, Gombosuren"]
[Result "1-0"]
[WhiteElo "2573"]
[BlackElo "2445"]
[Annotator "TA"]
[PlyCount "107"]
[EventDate "2017.??.??"]
[EventType "swiss"]
[EventCountry "HUN"]
[SourceTitle "playchess.com"]
[Source "ChessBase"]
[SourceQuality "1"]

{[%evp 16,106,30,0,11,2,48,41,41,41,45,41,37,28,45,32,50,45,47,47,49,47,38,39,49,49,68,55,145,146,143,147,147,140,139,145,403,402,393,379,395,390,462,158,156,143,197,184,197,188,290,293,291,268,339,338,493,479,445,452,489,478,464,457,668,668,701,653,12837,12830,29988,1396,1209,1177,12837,12837,12841,12842,29987,12843,12842,12843,12843,12843,29990,29991,29991,29992,29993,29994,29998,29999,29999]} 1. Nf3 Nf6 2. g3 e6 3. Bg2 d5 4. O-O Be7 5. c4 O-O 6. b3 a5 7. Nc3 c6 8. Bb2 Nbd7 9. d4 b6 {A14: English Opening: 1...e6 with b3 by White} 10. Nd2 Ba6 (10... b5 $5) 11. e4 dxe4 {White is slightly better.} 12. Ndxe4 Rc8 13. Re1 Nxe4 (13... b5 14. d5 cxd5 15. cxd5 exd5 16. Nxd5 Nxd5 17. Qxd5 Rc2 18. Qd4 Nf6 19. Rec1 Qxd4 20. Bxd4 Rxc1+ 21. Rxc1 Nxe4 22. Bxe4 {1-0 (59) Predojevic,B (2617)-Saric,I (2637) Sarajevo 2011}) 14. Nxe4 Nf6 15. Qc2 Nxe4 16. Bxe4 h6 $146 ({Predecessor:} 16... g6 17. Rad1 Bf6 18. h4 Bg7 19. h5 Qf6 20. Kg2 {½-½ (44) Stojic,D (2154)-Nemeth,J (2115) Melbourne 2014}) 17. Rad1 Qc7 18. Qe2 Bb4 19. Rf1 Rfd8 20. Bc2 Bf8 21. h4 {aiming for Qe4.} Bb7 (21... Re8 $14) 22. Qe4 $16 {[%csl Gc2][%cal Re4h7]} g6 {[#]} 23. h5 $1 {[%cal Rh5g6][%mdl 512]} c5 (23... gxh5 24. Qh7#) 24. d5 exd5 25. cxd5 $40 {[%mdl 128] White is out for blood.} Re8 $2 {[%mdl 8192]} (25... Bg7 $16) 26. Qg4 $18 Bg7 27. Bxg7 Kxg7 28. hxg6 f6 {[#]} 29. Bf5 $2 (29. d6 $1 $18 {[%cal Rd6c7] and the rest is easy.} Qc6 30. f3) 29... Rcd8 $16 30. Be6 Qe5 (30... b5 $16 31. a4 b4) 31. Rfe1 $18 Qg5 32. Qxg5 hxg5 {[#]} (32... fxg5 $142 33. Bf7 Rxe1+ 34. Rxe1 Ba8) 33. Bf7 $1 Rxe1+ 34. Rxe1 {[%mdl 4096] Endgame KRB-KRB} Kf8 35. f4 Bc8 (35... gxf4 {was called for.} 36. gxf4 f5) 36. Kf2 Bf5 37. Rh1 {Rh8+ is the strong threat.} Ke7 38. Rh7 Kd6 39. Kf3 g4+ (39... Bxg6 $142 40. Bxg6 gxf4 41. Kxf4 Kxd5) 40. Ke3 b5 41. Rh5 Bb1 42. g7 Bxa2 43. g8=Q (43. Rh8 $142 c4 44. Rxd8+ Kc5 45. Rc8+ Kb4 46. d6 a4 47. g8=Q Bb1 48. d7) 43... Rxg8 44. Bxg8 Bxb3 45. Rf5 a4 46. Rxf6+ Kd7 47. Be6+ (47. Rc6 $142 Ba2 48. f5 Bxd5 49. Bxd5 a3 50. f6 a2 51. Ra6 a1=R 52. Rxa1) 47... Kd6 48. Bxg4+ Ke7 49. Re6+ Kf7 50. Bh5+ {White mates.} Kg7 51. Re7+ Kh6 52. g4 {[%cal Bg3g4,Bg4g5][%mdl 32]} a3 53. Be8 {[%csl Gf4][%cal Rg4g5]} a2 54. g5# {Precision: White = 68%, Black = 29%.} 1-0